=LDR 00000nam 2200000 4500 =001 INLIS000000000026298 =005 20200224113830 =035 ##$$a 0010-061300000026298 =008 200224################g##########0#ind## =041 ##$$a ind =082 ##$$a 168 =090 ##$$a 168, SPE s =100 ##$$a Spence, Gerry =245 1#$$a Seni berargumentasi dan menang setiap saat : $b Di rumah, di tempat kerja, di pengadilan, di mana saja, setiap hari /$c Garry Spence ; alih bahasa Justinus Agus Budi Satrio =260 ##$$a Jakarta :$b Gramedia,$c 1996 =300 ##$$a xvii, 409 hlm. ; $c 14x21 cm. =650 #4$$a Argumentasi dan Persuasi =700 #$$a Satrio, Justinus Agus Budi =850 ##$$a NBPNMAT =020 ##$$a 979-605-416-7 =084 ##$$a 168 SPE s =600 #4$$a Logika =990 ##$$a 112.128/Pro.97 =990 ##$$a 112.128/Pro.97